000 00268nam a2200109Ia 4500
008 190912s9999||||xx |||||||||||||| ||und||
100 _a Rivest, Stein
245 0 _aIntroduction To Algorithms
260 _aNew Delhi
_bEducation InC
_c2001
300 _a1180
942 _cBK
999 _c7636
_d7636